An introduction to property theory / (Record no. 1321)
| 000 -LEADER | |
|---|---|
| fixed length control field | 00979nam a22002177a 4500 |
| 003 - CONTROL NUMBER IDENTIFIER | |
| control field | OSt |
| 005 - DATE AND TIME OF LATEST TRANSACTION | |
| control field | 20140510133412.0 |
| 008 - FIXED-LENGTH DATA ELEMENTS--GENERAL INFORMATION | |
| fixed length control field | 140510b xxu||||| |||| 00| 0 eng d |
| 020 ## - INTERNATIONAL STANDARD BOOK NUMBER | |
| International Standard Book Number | 9780521130608 |
| 040 ## - CATALOGING SOURCE | |
| Original cataloging agency | LoC |
| Language of cataloging | English |
| 050 ## - LIBRARY OF CONGRESS CALL NUMBER | |
| Classification number | K720. A44 2012 |
| 100 ## - MAIN ENTRY--PERSONAL NAME | |
| Personal name | Alexander, G.S. |
| 245 ## - TITLE STATEMENT | |
| Title | An introduction to property theory / |
| Statement of responsibility, etc | Gregory, Alexander and Eduardo Penalver |
| 260 ## - PUBLICATION, DISTRIBUTION, ETC. (IMPRINT) | |
| Place of publication, distribution, etc | Britain |
| Name of publisher, distributor, etc | Cambridge University Press |
| Date of publication, distribution, etc | 2012 |
| 300 ## - PHYSICAL DESCRIPTION | |
| Extent | xii, 234 pages ; 24 cm. |
| 501 ## - WITH NOTE | |
| With note | Includes references and Index |
| 505 ## - FORMATTED CONTENTS NOTE | |
| Formatted contents note | Part I: Utilitarian Property Theory---Locke and Libertarian Theories of property---Hegelian Property Theory---Kantian Property Theory---Property and Human Flourishing - Part II: Government Redistribution of Resources---The Right to Exclude and Its Limits---Eminent Domain and Regulatory Takings---Intellectual Property |
| Statement of responsibility | Gregory S. Alexander, and Eduardo M. Peñalver. |
| 600 ## - SUBJECT ADDED ENTRY--PERSONAL NAME | |
| Personal name | |
| 700 ## - ADDED ENTRY--PERSONAL NAME | |
| Personal name | Peñalver, Eduardo M. |
| 942 ## - ADDED ENTRY ELEMENTS (KOHA) | |
| Source of classification or shelving scheme | |
| Koha item type | Book |
| Withdrawn status | Lost status | Source of classification or shelving scheme | Damaged status | Not for loan | Home library | Current library | Date acquired | Total Checkouts | Total Renewals | Full call number | Barcode | Date last seen | Date checked out | Copy number | Price effective from | Koha item type |
|---|---|---|---|---|---|---|---|---|---|---|---|---|---|---|---|---|
| Riara University Library | Riara University Library | 10/05/2014 | 36 | 9 | K720.A44 2012 | 4750/14 | 19/02/2025 | 17/02/2025 | C.1 | 10/05/2014 | Book | |||||
| Riara University Library | Riara University Library | 10/05/2014 | 17 | 2 | K720.A44 2012 | 4748/14 | 08/02/2021 | 26/01/2021 | C.2 | 10/05/2014 | Book | |||||
| Riara University Library | Riara University Library | 10/05/2014 | 31 | 5 | K720.A44 2012 | 4749/14 | 18/02/2026 | 11/02/2026 | C.3 | 10/05/2014 | Book | |||||
| Riara University Library | Riara University Library | 10/05/2014 | 21 | 2 | K720.A44 2012 | 4751/14 | 07/04/2026 | 24/03/2026 | C.4 | 10/05/2014 | Book |
